Guess the 1970s song lyrics #251 - Statistics

General Stats
  • This quiz has been taken 13 times
  • The average score is 286 of 403
Answer Stats
Answer % Correct
a
100%
I
100%
And
91%
and
91%
bad
91%
be
91%
can
91%
do
91%
for
91%
no
91%
No
91%
She
91%
she
91%
that
91%
the
91%
The
91%
there
91%
to
91%
To
91%
we
91%
you
91%
all
82%
But
82%
can't
82%
don't
82%
Don't
82%
ever
82%
feel
82%
gonna
82%
her
82%
is
82%
know
82%
love
82%
me
82%
my
82%
need
82%
night
82%
of
82%
on
82%
so
82%
want
82%
was
82%
way
82%
ain't
73%
Baby
73%
cry
73%
get
73%
girl
73%
give
73%
got
73%
how
73%
it
73%
just
73%
never
73%
not
73%
one
73%
only
73%
our
73%
out
73%
sad
73%
talk
73%
tell
73%
two
73%
us
73%
will
73%
your
73%
ago
64%
At
64%
cause
64%
Cause
64%
I'll
64%
I'm
64%
in
64%
keep
64%
loved
64%
Now
64%
Oh
64%
oh
64%
right
64%
though
64%
three
64%
told
64%
you're
64%
able
55%
away
55%
been
55%
change
55%
heart
55%
here
55%
kept
55%
many
55%
much
55%
tellin
55%
There's
55%
there's
55%
up
55%
Well
55%
years
55%
back
45%
bottom
45%
cryin
45%
de
45%
everything
45%
getting
45%
kissed
45%
lookin
45%
make
45%
nowhere
45%
really
45%
somethin
45%
that'll
45%
tired
45%
too
45%
tried
45%
try
45%
bed
36%
begged
36%
box
36%
cold
36%
Coupe
36%
Cracker
36%
door
36%
find
36%
Jack
36%
left
36%
lie
36%
long
36%
matter
36%
nothing
36%
ooh
36%
pleaded
36%
remember
36%
show
36%
tears
36%
turned
36%
Ville
36%
walk
36%
wouldn't
36%
You'll
36%
you've
36%
bags
27%
care
27%
city
27%
gold
27%
haven't
27%
hidin
27%
icicles
27%
instead
27%
leave
27%
maybe
27%
mountain
27%
packed
27%
possibly
27%
rocks
27%
ruby
27%
shout
27%
street
27%
beach
18%
drill
18%
hoarse
18%
inside
18%
oil
18%
outside
18%
piling
18%
sandy
18%
snow
18%
stormy
18%
wish
18%
words
18%
poured
9%
No matching quizzes found
Score Distribution
Percent of People with Each Score
Percentile by Number Answered
Your Score History
You have not taken this quiz